| 000 | 00534nam a22001577a 4500 | ||
|---|---|---|---|
| 008 | 130224t xxu||||| |||| 00| 0 eng d | ||
| 082 |
_222 ed. _a348.6761 _bKAM |
||
| 100 |
_aEdited by Rwakafuzi, Kiiza Ladislaus _96913 |
||
| 245 |
_aKampala Law Reports cited as 1995 / _cEdited by Ladislaus Kiiza Rwakafuzi |
||
| 260 | _aKampala, Uganda | ||
| 300 |
_axxxiii, 942 P. ; _c25 cm. |
||
| 650 |
_aLaw Reports _96816 |
||
| 650 |
_aKampala Law Reports _96914 |
||
| 650 |
_aKampala Law Reports cited as 1995 _96920 |
||
| 942 |
_2ddc _cLRT _01 |
||
| 999 |
_c5266 _d5266 |
||